000 00546nam a2200229 a 4500
001 nice12345678
003 IN_TiNIC
005 20260116012359.0
008 050524s1961 mada grp 000 0 eng
020 _a
_c1.25
082 0 0 _a264
_bPAR
100 _aParrinder, Geoffery
245 _aWay to Worship
260 _aMadras
_bChristian Literature Society
_c1961
300 _a47p
500 _aincludes index and biblioraphy
505 2 _aBibliography, Index
650 _aWorship
902 _bSRS
942 _cBK
999 _c6787
_d6787